The gingerbread man: (Record no. 2117)

MARC details
000 -LEADER
fixed length control field 00891nam a22002897a 4500
005 - DATE AND TIME OF LATEST TRANSACTION
control field 20231115081618.0
020 ## - INTERNATIONAL STANDARD BOOK NUMBER
International Standard Book Number 9788956353340
040 ## - CATALOGING SOURCE
Original cataloging agency FISKH
Language of cataloging eng
Transcribing agency FISKH
Modifying agency FISKH
050 ## - LIBRARY OF CONGRESS CALL NUMBER
Classification number PZ8.A95
082 ## - DEWEY DECIMAL CLASSIFICATION NUMBER
Classification number 398.21
100 ## - MAIN ENTRY--PERSONAL NAME
Personal name Choi, HyeJung
245 ## - TITLE STATEMENT
Title The gingerbread man:
Remainder of title Folk Tale /
Statement of responsibility, etc. Series Editors : Ian Bosiak, Michelle Park
250 ## - EDITION STATEMENT
Edition statement First published by XACT, 2009
260 ## - PUBLICATION, DISTRIBUTION, ETC.
Place of publication, distribution, etc. Seoul :
Name of publisher, distributor, etc. XACT,
Date of publication, distribution, etc. 2009
300 ## - PHYSICAL DESCRIPTION
Extent 22 pages :
Dimensions 20 cm
505 ## - FORMATTED CONTENTS NOTE
Formatted contents note H
520 ## - SUMMARY, ETC.
Summary, etc. A freshly baked gingerbread man escapes when he is taken out of the oven and eludes a number of pursuers until he meets a clever fox.
521 ## - TARGET AUDIENCE NOTE
Target audience note 500
Source Lexile estimate
521 ## - TARGET AUDIENCE NOTE
Target audience note H
Source Raz-Plus
650 ## - SUBJECT ADDED ENTRY--TOPICAL TERM
Topical term or geographic name entry element Folktale
650 ## - SUBJECT ADDED ENTRY--TOPICAL TERM
Topical term or geographic name entry element Baking
650 ## - SUBJECT ADDED ENTRY--TOPICAL TERM
Topical term or geographic name entry element Gingerbread
700 ## - ADDED ENTRY--PERSONAL NAME
Personal name Bosiak, Ian
Relator term Series co-editor
700 ## - ADDED ENTRY--PERSONAL NAME
Personal name Michelle Park
Relator term Series co-editor
942 ## - ADDED ENTRY ELEMENTS (KOHA)
Source of classification or shelving scheme Dewey Decimal Classification
Koha item type Books
Suppress in OPAC No
999 ## -
-- 2117
-- 2117
Holdings
Withdrawn status Lost status Source of classification or shelving scheme Damaged status Not for loan Collection Home library Current library Shelving location Date acquired Total Checkouts Full call number Barcode Date last seen Date last checked out Price effective from Koha item type
    Dewey Decimal Classification     Juvenile Fiction Footprints International School Library Network Toul Kork Campus Footprints International School Library Network Toul Kork Campus TK Primary Library Room(4th Floor), Bookcase 1&2, Shelves 1-16, Dark Blue Books 11/07/2023 8 CHO 398.21 PZ8.A95 FISBK02552 02/04/2026 01/28/2026 11/07/2023 Books